00604nam a2200181Ia 4500003000900000008004100009040001600050080001500066100002300081245008800104260003900192300001400231490009300245650004100338650001100379650001000390650002200400IN-BaIIA211028s9999 xx 000 0 eng d cIIA Library a535.6bMIN aMinnaert, M. G. J. 4aThe nature of light and colour in the open aircTranslation by H. M. Kremer-Priest  aNew YorkbDover Publicationsc1954 axi, 362p. aTranslation of Licht en kleur in het landschap, pt. 1 of De natuurkunde van't vrije veld aAstronomy and astrophysics thesaurus aColour aLight avisible Radiation